| 000 | 01471cam a22002531i 4500 | ||
|---|---|---|---|
| 003 | SA-RiAUC | ||
| 005 | 20241124061750.0 | ||
| 008 | 241121s2003 ua g f100 0 ara c | ||
| 040 |
_aSA-JeALM _bara _cSA-RiAUC _erda |
||
| 082 | 0 | 4 |
_a210.2 _qSA-RiAUC |
| 090 |
_a210.2 _bو ز ا |
||
| 110 | 1 |
_aوزارة الاوقاف. _bالمجلس الأعلى للشؤون الإسلامية. _bمؤتمر _cالقاهرة : _d2003 : _n(15 : |
|
| 245 | 1 | 0 |
_aمستقبل الأمة الإسلامية : _bأبحاث ووقائع المؤتمر العام الخامس عشر للمجلس الأعلى للشؤون الإسلامية المنعقد بالقاهرة في الفترة من 8 - 11 ربيع الاول 1424 هـ / 9-12 مايو 2003 م = The future of the muslim nation : researches and proceedings the fifteenth general conference of the supreme council for Islamic affairs / _cإشراف وتقديم محمود حمدي زقزوق. |
| 246 | 3 | 0 | _aThe future of the muslim nation |
| 264 | 1 |
_aالقاهرة : _bالمجلس الأعلى للشؤون الإسلامية، _c2003 |
|
| 300 |
_a1050، 176 صفحة ؛ _c24 سم |
||
| 336 |
_aنص _btxt _2rdacontent _3كتاب |
||
| 337 |
_aبدون وسيط _bn _2rdamedia |
||
| 338 |
_aمجلد _bnc _2rdacarrier |
||
| 650 | 7 |
_aالإسلام _xاستشراف _vمؤتمرات _2aucsh |
|
| 700 | 1 |
_aزقزوق، محمود حمدي، _d1933- _eمشرف. |
|
| 942 |
_2ddc _cBOOK _n0 |
||
| 949 |
_aSA-JeALM _d241121 _umohamedma123 _n1 |
||
| 999 |
_c2671 _d2671 |
||